00711nam a2200241 a 4500001001300000003000900013005001700022008003800039020001000077082001700087100001900104245007600123260001300199300000900212500003500221505002000256650002700276700001900303902000800322942000700330952011700337999001500454nice12345678IN_TiNIC20260116011447.0050524s1899 a grp 000 0 urd  ac10000a297.294bSAD aSadak, G M B H aTohuftulhind Or Religious Preachingb Comparison of Hinduism and Islam. abc1899 a294p aincludes index and biblioraphy2 aList of Patrons aIslam-Apologetic Works1 aSadak, G M B H bSRS cBK 001040708StackRoom-aHMIbHMId2007-07-26g100.00l0o297.294 SADp00582r2007-07-26v100.00w2005-05-24yBK c1739d1739